Sports Quiz

Random Sports or NFL Quiz

City Winners Quiz Stats

 Plays Quiz Updated Oct 24, 2019

Score 0/31 Timer 10:00
1 Play Today
City (Teams) Team % Correct
New York
(Mets, Yankees, Giants, Jets, Knicks, Nets, Islanders, Rangers)
???
91.2%
Los Angeles
(Angels, Dodgers, Chargers, Rams, Clippers, Lakers, Kings)
???
89.1%
Cincinnati
(Reds, Bengals)
???
86.6%
Pittsburgh
(Pirates, Steelers, Penguins)
???
84.6%
Dallas/Arlington
(Rangers, Cowboys, Mavericks, Stars)
???
82.3%
Charlotte
(Panthers, Hornets)
???
81.8%
Atlanta
(Braves, Falcons, Hawks)
???
81.5%
Baltimore
(Orioles, Ravens)
???
80.6%
Detroit
(Tigers, Lions, Pistons, Red Wings)
???
78.3%
Indianapolis
(Colts, Pacers)
???
78%
Toronto
(Blue Jays, Raptors, Maple Leafs)
???
75.8%
Kansas City
(Royals, Chiefs)
???
75.2%
San Francisco
(Giants, 49ers)
???
73.2%
St. Louis
(Cardinals, Blues)
???
68.3%
Houston
(Astros, Texans, Rockets)
???
67.3%
Phoenix
(Diamondbacks, Cardinals, Suns, Coyotes)
???
64.8%
City (Teams) Team % Correct
Boston
(Red Sox, Patriots, Celtics, Bruins)
???
59.9%
Washington, D.C.
(Nationals, Redskins, Wizards, Capitals)
???
57.1%
Oakland
(Athletics, Raiders, Warriors)
???
53.1%
Miami
(Marlins, Dolphins, Heat, Panthers)
???
52.7%
Seattle
(Mariners, Seahawks)
???
49.7%
Tampa/St. Petersburg
(Rays, Buccaneers, Lightning)
???
48.7%
Minneapolis/St. Paul
(Twins, Vikings, Timberwolves, Wild)
???
46.9%
Denver
(Rockies, Broncos, Nuggets, Avalanche)
???
45.8%
Buffalo
(Bills, Sabres)
???
45.7%
Milwaukee
(Brewers, Bucks)
???
42%
Philadelphia
(Phillies, Eagles, 76ers, Flyers)
???
37%
Cleveland
(Indians, Browns, Cavaliers)
???
27.5%
New Orleans
(Saints, Pelicans)
???
26.3%
Nashville
(Titans, Predators)
???
23.5%
Chicago
(Cubs, White Sox, Bears, Bulls, Blackhawks)
???
18.4%

You're not logged in!

Compare scores with friends on all Sporcle quizzes.
OR
Log In

Sporcle TV

Today on Sporcle TV


Watch our educational content, quiz creation guides, and fun videos on Sporcle TV.

Show Comments

Extras

Top Quizzes Today


Score Distribution

Your Account Isn't Verified!

In order to create a playlist on Sporcle, you need to verify the email address you used during registration. Go to your Sporcle Settings to finish the process.

Report this User

Report this user for behavior that violates our Community Guidelines.

Details: